| 000 | 02103nam0a2200337 4500 | ||
|---|---|---|---|
| 001 | RU\NLR\BIBL_A\010358518 | ||
| 005 | 20250614042613.0 | ||
| 035 | _a(NLR Aleph) 010358518 | ||
| 090 |
_a10771072 _c10771072 |
||
| 100 | _a20140520d2008 |||y0rusy50 ca | ||
| 101 | 0 | _arus | |
| 102 | _aRU | ||
| 105 | _aa|||z|||000yy | ||
| 200 | 1 |
_aКомплексные географические исследования: теория, практика, образование _eсборник научных статей [по материалам конференции, посвященной памяти профессора К.В. Пашканга _fредкол.: Шкаликов В.А. (отв. ред.) и др.] |
|
| 210 |
_aМосква _aСмоленск _cУниверсум _d2008 |
||
| 215 |
_a343 с. _cил., цв. портр. _d20 |
||
| 320 | _aБиблиогр. в конце ст. | ||
| 600 | 1 |
_aПашканг _bК. В. _f1928 - 1998 _gКонстантин Васильевич _92185347 _3RU\NLR\AUTH\6601550197 |
|
| 606 | 1 |
_aГеографические исследования _jСъезды, совещания и т.п. _91357402 _3RU\NLR\AUTH\66253033 |
|
| 606 | 1 |
_aГеографическое образование _jСъезды, совещания и т.п. _92228304 _3RU\NLR\AUTH\661337584 |
|
| 686 | 1 | _aД8д(2)Пашканг | |
| 686 | 1 | _aД8я431 | |
| 686 | 1 | _aЧ458.45я431 | |
| 686 | 1 | _aЧ488.454(2Р)7-8Пашканг | |
| 702 | 1 |
_aШкаликов _bВ. А. _gВиктор Андреевич _4340 |
|
| 702 | 1 |
_aПашканг _bК. В. _f1928-1998 _gКонстантин Васильевич |
|
| 711 | 1 | 2 |
_a"Комплексные географические исследования: теория, практика, образование", всероссийская научно-практическая конференция _eМосква/Смоленск _f2008 _9403088 _3RU\NLR\AUTH\880368234 |
| 942 | _cBOOK | ||
| 980 | _aNB | ||